000 00664nam a2200253Ia 4500
005 20260121153714.0
008 008 260114s9999 xx 000 0 eng d
020 _a9781003199878
037 _aEBOOK
040 _aCRL
040 _beng
040 _cCRL
041 _2eng
041 _aeng
084 _qCRL
100 _aNewey, Katherine
_9998090
245 0 _aLiterary and cultural criticism from the nineteenth century Vol.2: theartre and drama criticism
260 _bTaylor and Francis
260 _c2022
856 _uhttps://www.taylorfrancis.com/books/9781003199878
942 _cEBOOK
999 _c1564909
_d1564909